| 000 | 00500nam a2200193Ia 4500 | ||
|---|---|---|---|
| 003 | OSt | ||
| 005 | 20250214101405.0 | ||
| 008 | 210210b1974 xxu||||| |||| 00| 0 eng d | ||
| 040 | _cAL | ||
| 041 | _aKannada | ||
| 082 | _aK894.3 BHAV | ||
| 100 |
_aBHARATISUTA. _dಭಾರತೀಸುತ _9199596 |
||
| 245 |
_aValmika. _bವಾಲ್ಮೀಕ |
||
| 260 |
_aMadikeri _bShri Kaveri Prakashana _c1974 |
||
| 300 | _aiv,158 | ||
| 690 |
_aKannada Fiction _9199597 |
||
| 906 | _a031042 | ||
| 942 |
_2ddc _cBK |
||
| 999 |
_c82170 _d82170 |
||